| 000 | 00921nam a22002775a 4500 | ||
|---|---|---|---|
| 005 | 20201128023556.0 | ||
| 008 | 150928t2015 nyua frb 001 0 eng d | ||
| 020 | _a9789814595292 | ||
| 020 | _a9814595292 | ||
| 040 |
_aEG-ScBUE _beng _cEG-ScBUE |
||
| 082 | 0 | 4 |
_a621.4021 _bCEN _222 |
| 100 | 1 |
_aÇengel, Yunus A. _938442 |
|
| 245 | 1 | 0 |
_aThermodynamics : _ban engineering approach / _cYunus A. Çengel, Michael A. Boles ; adapted by Mehmet Kanoglu. |
| 250 | _a8th ed., SI units. | ||
| 260 |
_aNew York : _bMcGraw-Hill Education, _cc.2015. |
||
| 300 |
_axxvi, 954 p. : _bill. (col.) ; _c26 cm. |
||
| 500 | _aIndex : p. 947-954. | ||
| 504 | _aIncludes bibliographical references. | ||
| 650 | 7 |
_2BUEsh _91919 _aThermodynamics. |
|
| 651 | _2BUEsh | ||
| 653 |
_bENGMEC _cSeptember2015 |
||
| 655 |
_vText book _933728 |
||
| 700 | 1 | _aBoles, Michael A. | |
| 700 | 1 |
_aKanoglu, Mehmet, _eeditor. |
|
| 942 |
_2ddc _k621.4021 CEN |
||
| 999 |
_c20861 _d20833 |
||